000 00360nam a2200133Ia 4500
008 240624s9999 xx 000 0 und d
041 _aeng
082 _a659.2 BOW
100 _aBOWEN SHANNON A
245 _aOVERVIEW OF THE PUBLIC RELATIONS FUNCTIO
260 _c2010
_aNew York
_bBusiness Expert Press
300 _axi, : 186 : p. : cm. ; 23
365 _c
_b30
999 _c27445
_d27445